01119 a2200181 45000010006000000050017000060080041000230030015000640400040000790800109001192450074002282640051003023000019003535050441003720410008008131000017008218560099008385303720260407155804.0260407a1976 arg spa dAR-UNSa-BCEJYS aAR-UNSa-BCEJYSbspacAR-UNSa-BCEJYS a339.9xEconomía internacional en general. Relaciones económicas internacionales. Economía mundial 10aEconomía internacional contemporáneaptexto para latinoamericanos 1aMéxico :bFondo de Cultura Económicac1976 a216 p.c21 cm. a1. América Latina y los países desarrollados: una perspectiva del modelo centro-periferia - 2. La crisis del sistema monetario internacional: un enfoque estructuralista - 3. Precios del petróleo, "límites al crecimiento" y perspectiva de la economía internacional - 4. América Latina: integración desarrollo e inserción internacional - 5. Capital extranejero y transferencia de tecnología : Argentina y el Grupo Andino aspa1 aFerrer, Aldo41uhttps://www.biblioeco.unsa.edu.ar/pmb/images/libros/L128396.jpgyImagen de portadaqimage/jpeg